| 000 | 00621nam a2200193 i 4500 | ||
|---|---|---|---|
| 001 | 64656 | ||
| 003 | ES-MaACL | ||
| 005 | 20260306132314.0 | ||
| 007 | t| | ||
| 008 | 031230s1962 ag ||||1| spa d | ||
| 245 | 0 | 0 |
_aForjadores de Norteamérica / _c[traducción por Enrique Alt, Josefina Martínez Alinari, Delia A. García Daireaux]. |
| 260 |
_aBuenos Aires : _bOmega, _c[1962] |
||
| 300 |
_a3 v. ; _c23 cm. |
||
| 700 | 1 |
_aAlt, Enrique. _920501 |
|
| 700 | 0 |
_aMartínez Alinari, Josefina _977838 |
|
| 700 | 1 |
_aGarcía Daireaux, Delia A. _954398 |
|
| 852 |
_aES-MaACL _jC-24603-5 _bR.53530 |
||
| 999 |
_c64656 _d64656 |
||